000 01036nam a2200301 i 4500
003 CO-BoRNBP
005 20220317000224.0
007 ta
008 210723r20092020ck a br 1 spa d spa
020 _a9789588445038
040 _aCO-BoRNBP
_bspa
_cCO-BoRNBP
_erda
041 0 _aspa
084 _aA BUI2
100 1 _aBuitrago, Jairo
_d1970-
_eautor
245 1 0 _aEloísa y los bichos
_cJairo Buitrago, Rafael Yockteng
250 _aPrimera edición
264 1 _aBogotá
_bBabel
_c2009
_c2020
300 _a[40] páginas sin numerar
_bilustraciones a color
_c21 cm
336 _atexto
_btxt
_2rdacontent
337 _asin mediación
_bn
_2rdamedia
338 _avolumen
_bnc
_2rdacarrier
521 _aRecomendado para un público infantil mayor de 6 años
650 1 7 _aÁlbumes infantiles colombianos
_ySiglo XX
_2ARMARC
650 1 7 _aLiteratura infantil colombiana
_ySiglo XX
_2ARMARC
650 1 7 _aEmigrantes
_vÁlbum infantil
_2ARMARC
700 1 _aYockteng, Rafael
_d1976-
_eilustrador
_916150
942 _2loc
_cBKLIT
999 _c3438
_d3438